| 000 | 00352nam a2200145 a 4500 | ||
|---|---|---|---|
| 999 |
_c5450 _d5450 |
||
| 001 | 5450 | ||
| 003 | CDMR | ||
| 005 | 20230606121554.0 | ||
| 008 | 130130s1998||||||||||||||||||||||||||||d | ||
| 020 | _a8492028998 | ||
| 040 |
_aCDMR _bcat _cCPC GIRONA |
||
| 245 | 0 | _aPremsa Grà fica Girona 1997 | |
| 260 |
_c1998 _bDiputació de Girona i CPC |
||
| 942 |
_cMON _2udc |
||